| 000 | 01662 a2200301 4500 | ||
|---|---|---|---|
| 999 |
_c67625 _d67625 |
||
| 005 | 20181124151131.0 | ||
| 010 | _a B-177969 | ||
| 020 |
_a8186098836 _c70.00 |
||
| 035 | _aB-177940 | ||
| 035 | _aB-177962 B-177968,B-177969 | ||
| 037 | _bDBAD / PUB | ||
| 082 | _a615.535 | ||
| 100 | _aनागेन्द्र कुमार 'नीरज' | ||
| 245 |
_aरक्ताल्पता की प्रकृतिक चिकित्सा / _cनागेन्द्र कुमार 'नीरज' |
||
| 246 |
_aRaktalpataa kii prakritika chikitsaa _bby Nagendra Kumar 'Neeraj" |
||
| 260 |
_aजयपुर _bनारायण प्रकाशन _c2005 |
||
| 260 |
_aजयपुर _bपापुलर बुक डिपो (वितरक) |
||
| 270 |
_aजी-15,एस.एस.टॉवर,धामाणी गली,चौड़ा रास्ता _bजयपुर _e302003 |
||
| 270 |
_aजी-15,एस.एस.टॉवर,धामाणी गली,चौड़ा रास्ता _bजयपुर _e302003 |
||
| 300 |
_a117पृ _c22सेमी (अजिल्द) |
||
| 650 |
_aरक्ताल्पता _vउपचार |
||
| 650 |
_aAnemia _xTherapy |
||
| 650 | _aप्राकृतिक चिकित्सा | ||
| 650 | _aNaturopathy | ||
| 942 |
_adpl _cHN _2ddc _mनागेन्द्र _h615.535 |
||